| 000 -LEADER |
| fixed length control field |
00347cam a22001217a 4500 |
| 008 - FIXED-LENGTH DATA ELEMENTS--GENERAL INFORMATION |
| fixed length control field |
180718b1917 xxu||||| |||| 00| 0 eng d |
| 082 ## - DEWEY DECIMAL CLASSIFICATION NUMBER |
| Classification number |
Cox54 Si64r |
| 100 ## - MAIN ENTRY--PERSONAL NAME |
| Personal name |
Sinha, Kumar Manindra Chandra |
| 245 ## - TITLE STATEMENT |
| Title |
Representation made to government |
| Statement of responsibility, etc. |
by Kumar Manindra Chandra Sinha |
| 260 ## - PUBLICATION, DISTRIBUTION, ETC. |
| Place of publication, distribution, etc. |
Calcutta |
| Name of publisher, distributor, etc. |
|
| Date of publication, distribution, etc. |
1917 |
| 300 ## - PHYSICAL DESCRIPTION |
| Extent |
68p. |
| 650 ## - SUBJECT ADDED ENTRY--TOPICAL TERM |
| Topical term or geographic name entry element |
Government |